header

Walt Disney's Bambi / (Record no. 264268)

MARC details
000 -LEADER
fixed length control field 00485nam a22001697a 4500
003 - CONTROL NUMBER IDENTIFIER
control field OSt
005 - DATE AND TIME OF LATEST TRANSACTION
control field 20240807174800.0
008 - FIXED-LENGTH DATA ELEMENTS--GENERAL INFORMATION
fixed length control field 240807b xxu||||| |||| 00| 0 eng d
010 ## - LIBRARY OF CONGRESS CONTROL NUMBER
LC control number 82083068
020 ## - INTERNATIONAL STANDARD BOOK NUMBER
International Standard Book Number 0307010619
040 ## - CATALOGING SOURCE
Transcribing agency RU
050 ## - LIBRARY OF CONGRESS CALL NUMBER
Classification number PZ10.3
Item number .B2139 1984
245 ## - TITLE STATEMENT
Title Walt Disney's Bambi /
Statement of responsibility, etc based on the original story by Felix Salten.
260 ## - PUBLICATION, DISTRIBUTION, ETC. (IMPRINT)
Place of publication, distribution, etc Racine, Wis. :
Name of publisher, distributor, etc Western Pub. Co.,
Date of publication, distribution, etc c1984.
300 ## - PHYSICAL DESCRIPTION
Extent [24] p. :
Other physical details col. ill. ;
Dimensions 20 cm.
942 ## - ADDED ENTRY ELEMENTS (KOHA)
Source of classification or shelving scheme Library of Congress Classification
Koha item type Long Loan Books
Holdings
Withdrawn status Lost status Source of classification or shelving scheme Damaged status Not for loan Collection code Home library Current library Shelving location Date acquired Total Checkouts Full call number Barcode Date last seen Price effective from Koha item type
    Library of Congress Classification     Fiction Rongo University Library Rongo University Library Children's Area 07/08/2024   PZ10.3 .B2139 1984 CL20243514 07/08/2024 07/08/2024 Long Loan Books

© 2026 Rongo University
Contact us: librarian | system librarian | Rongo university